Las provinciales. Opúsculos. Cartas. Obras matemáticas. Obras físicas /

Guardado en:
Autor Principal: Pascal, Blaise.
Otros Autores: Díaz Fernández, Rafael-José; trad., Armas Concepción, María Montserrat ; trad.
Formato: Libro
Idioma:Undetermined
Publicado: Madrid : Gredos, 2014.
Series:Grandes pensadores
Materias:
Etiquetas: Agregar Etiqueta
Sin Etiquetas, Sea el primero en etiquetar este registro!
LEADER 00779nam a22002055a 4500
001 CEM.cems020658
008 231116s2014####sp############000#0#und#d
005 20231116163336.0
245 1 0 |a Las provinciales. Opúsculos. Cartas. Obras matemáticas. Obras físicas /  |c Blaise Pascal ; traducción de Rafael-José Díaz Fernández y María Montserrat Armas Concepción. 
260 |a Madrid :  |b Gredos,  |c 2014. 
300 |a 496 p. 
490 1 |a Grandes pensadores 
020 |a 9788447378661 
100 1 |a Pascal, Blaise. 
700 1 |a Díaz Fernández, Rafael-José; trad. 
700 1 |a Armas Concepción, María Montserrat ; trad. 
653 |a Filosofía francesa 
653 |a Filosofía cristiana 
653 |a Filosofía 
859 |a CEMS  |b BIB. CEMS - 11 de abril  |h 194  |i P260-1  |p 29758.23  |t Ej. 1